000 00590nam a2200229Ia 4500
003 OSt
005 20221005121556.0
006 a|||||r|||| 00| 0
007 ta
008 221004b |||||||| |||| 00| 0 eng d
024 _a66534
037 _cTextual
040 _aCRL
_cCRL
_beng
041 _2eng
_aeng
082 _aV51:5:C5, K3
100 _aBurckhardt Jacob
245 0 _aHistory of Greek culture tr from the German by Palmer Hilty
260 _c1963
650 _aHISTORY
942 _hV51:5:C5, K3
_cTEXL
_2cc
999 _c1041592
_d1041592